Loading...
| Beliefs | 10 | 18.00 | 100% | 60% | 20% |
| Fine Arts - Classical Music and Opera | 7 | 10.00 | 86% | 14% | 0% |
| Fine Arts - Other Arts | 5 | 14.00 | 100% | 40% | 0% |
| Geography | 2 | 10.00 | 100% | 0% | 0% |
| History - American | 6 | 15.00 | 100% | 50% | 0% |
| History - Ancient | 3 | 13.33 | 100% | 33% | 0% |
| History - European | 4 | 15.00 | 100% | 25% | 25% |
| History - Other | 3 | 6.67 | 67% | 0% | 0% |
| History - World | 1 | 20.00 | 100% | 100% | 0% |
| Literature - American | 5 | 16.00 | 100% | 60% | 0% |
| Literature - British | 7 | 14.29 | 86% | 57% | 0% |
| Literature - European | 6 | 15.00 | 83% | 67% | 0% |
| Literature - World | 5 | 14.00 | 100% | 20% | 20% |
| Modern World | 2 | 15.00 | 100% | 50% | 0% |
| Other Academic | 4 | 15.00 | 100% | 50% | 0% |
| Philosophy | 7 | 14.29 | 100% | 43% | 0% |
| Science - Biology | 7 | 14.29 | 86% | 43% | 14% |
| Science - Chemistry | 4 | 5.00 | 50% | 0% | 0% |
| Science - Other | 7 | 14.29 | 86% | 57% | 0% |
| Science - Physics | 8 | 13.75 | 75% | 50% | 13% |
| Social Science | 7 | 14.29 | 100% | 29% | 14% |
| Visual Arts | 6 | 11.67 | 100% | 17% | 0% |